| Tag |
First Indicator |
Second Indicator |
Subfields |
| LEADER |
00000cam a2200000 4500 |
| 001 |
in00000038060 |
| 005 |
20151007080812.0 |
| 008 |
720802s1965 eng u |
| 010 |
|
|
|a 65011874
|
| 035 |
|
|
|a (OCoLC)00372344
|
| 035 |
|
|
|9 AAF5403AM
|
| 040 |
|
|
|c WSU
|d OCL
|d TXA
|d UtOrBLW
|
| 049 |
|
|
|a TXAM
|c [414085]
|
| 050 |
|
0 |
|a B1498
|b .S4
|
| 092 |
|
|
|a 191
|b H9213s
|
| 100 |
1 |
|
|a Sesonske, Alexander.
|
| 245 |
1 |
0 |
|a Human understanding: studies in the philosophy of David Hume /
|c Edited by Alexander Sesonske and Noel Fleming.
|
| 264 |
|
1 |
|a Belmont, Calif. :
|b Wadsworth Pub. Co.,
|c [1965]
|
| 300 |
|
|
|a 116 pages ;
|c 22 cm.
|
| 336 |
|
|
|a text
|b txt
|2 rdacontent
|
| 337 |
|
|
|a unmediated
|b n
|2 rdamedia
|
| 338 |
|
|
|a volume
|b nc
|2 rdacarrier
|
| 490 |
1 |
|
|a Wadsworth studies in philosophical criticism
|
| 504 |
|
|
|a Bibliography: pages 115-116.
|
| 600 |
1 |
0 |
|a Hume, David,
|d 1711-1776.
|
| 700 |
1 |
|
|a Fleming, Brice Noel.
|
| 830 |
|
0 |
|a Wadsworth studies in philosophical criticism.
|
| 999 |
|
|
|a MARS
|
| 999 |
f |
f |
|s 124d9f0b-4f59-3f14-a02c-e274ee5be980
|i b3b6c2ac-4e57-30a4-8653-fd1f194163d5
|t 0
|
| 952 |
f |
f |
|p ric
|a Texas A&M University
|b Rellis Campus
|c Joint Library Facility
|d Remote Storage
|t 0
|e B1498 .S4
|h Library of Congress classification
|i unmediated -- volume
|m A14800541134
|
| 998 |
f |
f |
|a B1498 .S4
|t 0
|l Remote Storage
|